| 000 | 00505nab a2200193 a 4500 | ||
|---|---|---|---|
| 005 | 20210223132224.0 | ||
| 008 | 991125s1985 mx 000 0 spa u | ||
| 035 | _aUPN01000194210 | ||
| 100 | 1 |
_aPaz Ruiz, Vicente _929828 |
|
| 222 | _aXICTLI | ||
| 245 | _aAlgunas ideas sobre lo que es la ciencia | ||
| 260 | _aMéxico | ||
| 300 | _a19-21 | ||
| 362 | 0 | _a2002, Vol. 12, no. 48 (oct.-dic.) | |
| 653 | 0 | _aEPISTEMOLOGIA | |
| 653 | 0 | _aCIENCIA | |
| 653 | 0 | _aPENSAMIENTO CIENTIFICO | |
| 905 | _aArticulo | ||
| 999 |
_c166311 _d166311 |
||